000 00474cam a2200181ua 4500
001 8182
008 150110n ii |||gr||||Z||||||hin
040 _cMAIN
041 _ahin
082 _a891.431
100 _aNayar, S.,
_eEditor.
245 1 _aMahakavi kunchan nanpiyar ki tullal gathae
_cEdited by Sadashivan Nayar
250 _a1st.
260 _aKanyakumari:
_bS. Nayar,
_c1977.
300 _a119p.
653 _aEast Indo-European & Celtic literatures
942 _cBK
999 _c7297
_d7297